| 000 | 00797nam a2200193 i 4500 | ||
|---|---|---|---|
| 001 | 87953 | ||
| 003 | ES-MaACL | ||
| 005 | 20230906175755.0 | ||
| 007 | t| | ||
| 008 | 041229s1968 ag ||||1| spa d | ||
| 100 | 1 |
_aRavaisson, Félix. _995571 |
|
| 245 | 1 | 4 |
_aLas opiniones de Espeusipo acerca de los primeros principios de las cosas examinadas a la luz de los textos aristotélicos / _cFélix Ravaisson-Mollien [seud.] ; traducción de Ignacio Granero . La tesis de Félix Ravaisson-Mollien sobre Espeusipo / Arturo Andrés Roig. |
| 260 |
_aMendoza : _b[s.n.], _c1968. |
||
| 300 |
_a64 p. ; _c22 cm. |
||
| 700 | 1 |
_aGranero, Ignacio. _959626 |
|
| 700 | 1 |
_aRoig Andrés, Arturo. _999009 |
|
| 740 | 3 | _aLa tesis de Félix Ravaisson-Mollien sobre Espeusipo. | |
| 852 |
_aES-MaACL _jC-35537 _bR.69228 |
||
| 999 |
_c87953 _d87953 |
||